000 005030000a22001570004500
003 MACL
005 20180207124527.0
008 180207b xxu||||| |||| 00| 0 eng d
040 _cmacl
100 _aशर्मा ,डॉ रमाकांत
_970286
245 _aबैकिग;विविध आयाम
260 _aदिल्‍ली
_bपरमेश्‍वरी प्र‍काशन
_c2010
350 _a300
650 _aबैकिगं
_94830
942 _cHIN
_k332
_2ddc
999 _c48557
_d48557